000 00199nam a2200073Ia 4500
008 170817s9999 xx 000 0 und d
100 _aLal.J.P
245 0 _aEducational Measurement And Evaluation
260 _bAnmol Publications Delhi
999 _c38884
_d38884